Invernada en el Campo Experimental Coronel Suárez : producción de carne en el ejercicio 1990-1991 /

Guardado en:
Autor Principal: Arzadún, Martín Juan.
Formato: Libro
Idioma:Spanish
Publicado: Coronel Suárez, 1992.
Etiquetas: Agregar Etiqueta
Sin Etiquetas, Sea el primero en etiquetar este registro!
LEADER 00514nam a22001455a 4500
001 EEA.libagro005403
005 20180629113222.0
008 130809s1992####ag#a##########000#0#spa#d
082 0 4 |a 636.213 
082 0 4 |a 636.084 
100 1 |a Arzadún, Martín Juan. 
245 1 0 |a Invernada en el Campo Experimental Coronel Suárez :  |b producción de carne en el ejercicio 1990-1991 /  |c Martín Juan Arzadún. 
260 |a Coronel Suárez,  |c 1992. 
300 |a 8 p. :  |b il. ;  |c 28 cm. 
859 |a AR-BbBCA  |b BIB. AGRONOMIA  |h 636.213  |i A797  |p 1996/2717